000 00768cam a2200313 a 4500
001 206433
003 PILC
005 20160204093851.0
008 840228r1982 nyu 000 1 eng
010 _a 81011041
020 _a0380723417
035 _a(OCoLC)7574331
035 _a(OCoLC)ocm07574331
035 _a(CStRLIN)NYCG84-B11597
035 _a(NNC)206433
040 _cas
050 0 _aPR 6052
_b.B789 1994
082 0 _aFIC
_bB69g 1993
090 _bG6 1982
100 1 _aBoyd, William,
_d1952-
_918686
245 1 2 _aA good man in africa
_cWilliam Boyd
260 _aNew York :
_bAvon Books,
_cc1994.
300 _a321 p. ;
_c18 cm.
562 _e1
650 _a Fiction
_9746
942 _2lcc
_cBK
999 _c11033
_d11033